| 000 | 00601nam a2200181Ia 4500 | ||
|---|---|---|---|
| 003 | GCL | ||
| 008 | 140319s9999 xx 000 0 ara d | ||
| 040 |
_aGCL / _cGCL |
||
| 082 | 0 | 4 |
_a355.332 _bس ج |
| 100 | 1 | _aسمير عطاالله | |
| 245 | 1 | 0 |
_aجنرالات الشرق : دور العسكريين الاجانب فى العالم العربى / _cسمير عطاالله |
| 300 | _a287 ص | ||
| 490 |
_aالهيئة العامة للاستعلامات _v0 |
||
| 650 | 0 | 4 | _aالعلوم الحربية |
| 650 | 0 | 4 | _aقيادة الجيوش |
| 650 | 0 | 4 | _aالعسكريون |
| 942 |
_2ddc _cBK |
||
| 999 |
_c49135 _d49135 |
||